000 00430nam a2200157Ia 4500
003 IN-BaIIA
008 211028s9999 xx 000 0 eng d
040 _cIIA Library
080 _a535
_bTEN-1
100 _aTenquist, D.W.
_96037
245 0 _aUniversity optics
_bvol. 1
_cD. W. Tenquist
260 _aLondon
_bliffe Books
_c1969
300 _a349p.
650 _aOptics
942 _cBK
999 _c3410
_d3410